<?xml version="1.0" encoding="UTF-8"?>
<record
    xmlns:xsi="http://www.w3.org/2001/XMLSchema-instance"
    xsi:schemaLocation="http://www.loc.gov/MARC21/slim http://www.loc.gov/standards/marcxml/schema/MARC21slim.xsd"
    xmlns="http://www.loc.gov/MARC21/slim">

  <leader>01683nam a2200349 i 4500</leader>
  <controlfield tag="003">DO-SdBNP</controlfield>
  <controlfield tag="005">20250620105611.0</controlfield>
  <controlfield tag="007">ta</controlfield>
  <controlfield tag="008">250620s1977    dr ac         000 0 spa d</controlfield>
  <datafield tag="040" ind1=" " ind2=" ">
    <subfield code="a">DO-SdBNP</subfield>
    <subfield code="b">spa</subfield>
    <subfield code="c">BNPHU</subfield>
    <subfield code="e">rda</subfield>
  </datafield>
  <datafield tag="082" ind1=" " ind2=" ">
    <subfield code="a">xxxx</subfield>
    <subfield code="b">M986</subfield>
    <subfield code="2">22</subfield>
  </datafield>
  <datafield tag="110" ind1="1" ind2=" ">
    <subfield code="a">Museo de las Casas Reales</subfield>
    <subfield code="9">61998</subfield>
  </datafield>
  <datafield tag="245" ind1="1" ind2="0">
    <subfield code="a">Primera exposici&#xF3;n de la moneda colonial de la Espa&#xF1;ola :</subfield>
    <subfield code="b">cat&#xE1;logo /</subfield>
    <subfield code="c">presentaci&#xF3;n, Pedro J. Santiago C. ; expositores, Isaac Rudman, Pablo Smester Tolentino, Manuel Garc&#xED;a Ar&#xE9;valo, Eugenio P&#xE9;rez  Montas ; textos, Pedro Julio Santiago, Miguel Estrella ; fotos, Onorio Montas  </subfield>
  </datafield>
  <datafield tag="264" ind1=" " ind2=" ">
    <subfield code="a">Santo Domingo :</subfield>
    <subfield code="b">Museo de las Casas Reales,</subfield>
    <subfield code="c">1977.</subfield>
  </datafield>
  <datafield tag="300" ind1=" " ind2=" ">
    <subfield code="a">45 p&#xE1;ginas ;</subfield>
    <subfield code="b">ilustraciones, retratos ; </subfield>
    <subfield code="c">25 cm.</subfield>
  </datafield>
  <datafield tag="336" ind1=" " ind2=" ">
    <subfield code="a">texto</subfield>
    <subfield code="b">txt</subfield>
    <subfield code="2">rdacontent</subfield>
  </datafield>
  <datafield tag="337" ind1=" " ind2=" ">
    <subfield code="a">sin mediaci&#xF3;n</subfield>
    <subfield code="b">n</subfield>
    <subfield code="2">rdamedia</subfield>
  </datafield>
  <datafield tag="338" ind1=" " ind2=" ">
    <subfield code="a">volumen</subfield>
    <subfield code="b">nc</subfield>
    <subfield code="2">rdacarrier</subfield>
  </datafield>
  <datafield tag="490" ind1="1" ind2=" ">
    <subfield code="a">Separata de "Casa Reales"</subfield>
    <subfield code="v">2</subfield>
  </datafield>
  <datafield tag="500" ind1=" " ind2=" ">
    <subfield code="a">Organizada por el Museo de las Casas Reales en ocasi&#xF3;n de la inauguraci&#xF3;n de la Casa de Juan de Villoria, sede del C&#xED;rculo de Coleccionistas de la Fundaci&#xF3;n Dominicana de Desarrollo.</subfield>
  </datafield>
  <datafield tag="590" ind1=" " ind2=" ">
    <subfield code="a">Inventariado, 2025/ YL</subfield>
  </datafield>
  <datafield tag="700" ind1="1" ind2=" ">
    <subfield code="a">Santiago C., Pedro J. </subfield>
    <subfield code="e">presentaci&#xF3;n</subfield>
    <subfield code="4">pr.</subfield>
    <subfield code="9">88151</subfield>
  </datafield>
  <datafield tag="700" ind1="1" ind2=" ">
    <subfield code="a">Rudman, Isaac </subfield>
    <subfield code="e">expositores</subfield>
    <subfield code="4">exp.</subfield>
    <subfield code="9">55839</subfield>
  </datafield>
  <datafield tag="700" ind1="1" ind2=" ">
    <subfield code="a">Smester Tolentino, Pablo </subfield>
    <subfield code="e">expositores</subfield>
    <subfield code="4">exp.</subfield>
    <subfield code="9">88152</subfield>
  </datafield>
  <datafield tag="700" ind1="1" ind2=" ">
    <subfield code="a">Garc&#xED;a Ar&#xE9;valo, Manuel </subfield>
    <subfield code="e">expositores</subfield>
    <subfield code="4">exp.</subfield>
    <subfield code="9">82908</subfield>
  </datafield>
  <datafield tag="700" ind1="1" ind2=" ">
    <subfield code="a">P&#xE9;rez Mont&#xE1;s, Eugenio </subfield>
    <subfield code="e">expositores</subfield>
    <subfield code="4">exp.</subfield>
    <subfield code="9">13156</subfield>
  </datafield>
  <datafield tag="700" ind1="1" ind2=" ">
    <subfield code="a">Santiago, Pedro Julio </subfield>
    <subfield code="e">textos</subfield>
    <subfield code="4">tex.</subfield>
    <subfield code="9">44573</subfield>
  </datafield>
  <datafield tag="700" ind1="1" ind2=" ">
    <subfield code="a">Estrella, Miguel </subfield>
    <subfield code="e">textos</subfield>
    <subfield code="4">tex.</subfield>
    <subfield code="9">55840</subfield>
  </datafield>
  <datafield tag="700" ind1="1" ind2=" ">
    <subfield code="a">Montas, Onorio </subfield>
    <subfield code="e">fotos</subfield>
    <subfield code="4">fot.</subfield>
    <subfield code="9">59042</subfield>
  </datafield>
  <datafield tag="910" ind1=" " ind2=" ">
    <subfield code="a">YLockward</subfield>
  </datafield>
  <datafield tag="942" ind1=" " ind2=" ">
    <subfield code="2">ddc</subfield>
    <subfield code="c">LF2</subfield>
  </datafield>
  <datafield tag="952" ind1=" " ind2=" ">
    <subfield code="0">0</subfield>
    <subfield code="1">0</subfield>
    <subfield code="2">ddc</subfield>
    <subfield code="5">1</subfield>
    <subfield code="7">0</subfield>
    <subfield code="8">PD-F</subfield>
    <subfield code="a">BNPHU</subfield>
    <subfield code="b">BNPHU</subfield>
    <subfield code="c">CT</subfield>
    <subfield code="d">2013-06-03</subfield>
    <subfield code="e">Donaci&#xF3;n </subfield>
    <subfield code="l">0</subfield>
    <subfield code="o">BNPHU F-PD xxxx M986</subfield>
    <subfield code="p">2025-5414</subfield>
    <subfield code="r">2025-06-20</subfield>
    <subfield code="w">2025-06-20</subfield>
    <subfield code="y">LF2</subfield>
  </datafield>
  <datafield tag="999" ind1=" " ind2=" ">
    <subfield code="c">59348</subfield>
    <subfield code="d">59348</subfield>
  </datafield>
</record>
